Statistics for Largest By Area

Click here to take the quiz!

General Stats

  • This quiz has been taken 20 times
  • The average score is 11 of 33

Answer Stats

CategoryLargestArea% Correct
African countryAlgeria2,381,741km2
100%
Asian countryRussia17,098,246km2
100%
ContinentAsia44,579,000km2
74%
CountryRussia17,098,246km2
74%
City in IndiaDelhi1,484km2
68%
City in CaliforniaLos Angeles1,302km2
68%
European countryRussia17,098,246km2
68%
Oceanian countryAustralia7,692,024km2
63%
Canadian province or territoryNunavut2,093,190km2
63%
South American countryBrazil8,515,799km2
58%
EmpireBritish Empire35,500,000km2
58%
North American countryCanada9,984,670km2
58%
DesertAntarctica14,000,000km2
42%
LakeCaspian Sea371,000km2
42%
IslandMainland Australia7,595,342km2
42%
US stateAlaska1,723,337km2
37%
US lakeLake Superior82,103km2
32%
First-level administrative divisionSakha3,083,523km2
11%
Empire in IndiaMaurya Empire5,000,000km2
5%
South African provinceNorthern Cape372,889km2
5%
Drainage basinPacific Ocean69,800,000km2
5%
District of Madhya PradeshChhindwara11,815km2
0%
Urban parkChugach State Park2,004km2
0%
City in TelanganaHyderabad625km2
0%
ReservoirLake Victoria66,400km2
0%
City in CanadaLa Tuque28,099km2
0%
Second-level administrative divisionQikiqtaaluk Region989,879km2
0%
City in JharkhandRanchi652km2
0%
US countySan Bernardino County52,072km2
0%
CitySermersooq531,900km2
0%
US citySitka12,461km2
0%
City in KeralaThiruvananthapuram214km2
0%
Town squareXinghai Square2,832,445km2
0%

Score Distribution

Percentile by Number Answered

Percent of People with Each Score

Your Score History

You have not taken this quiz